000
00328nam a2200145Ia 4500
008
230917s9999||||xx |||||||||||||| ||und||
040
_e
136949
_a
MAIN
041
_a
English
082
_a
519.5 G643B
100
_a
Goon, A M
245
0
_a
Basic statistics
260
_a
Calcutta
_b
World Press
300
_a
536 p.
942
_c
BK
999
_c
47766
_d
47766